Kosit je nespokojný s poplatkami za smeti Nepriamym dôvodom na zvýšenie cien za likvidáciu odpadu sú investície talianskych investorov do spaľovne

Podrobná bibliografia
Hlavný autor: Hutňan, Marián (Autor)
Médium: Článok
Jazyk:slovenčina
Predmet:

MARC

LEADER 00000nab a2200000 a 4500
001 vtls000933607
003 SK-MaSNL
005 20260303034807.0
008 140301e20031023xo 0 slo
035 |a KE42484 
040 |a KEVKJB  |b slo  |c KEVKJB  |e AACR2 
041 0 |a slo 
044 |a xo  |c SK 
080 |a 628  |2 1981 
100 1 |a Hutňan, Marián  |4 aut  |9 838495 
245 1 0 |a Kosit je nespokojný s poplatkami za smeti  |b Nepriamym dôvodom na zvýšenie cien za likvidáciu odpadu sú investície talianskych investorov do spaľovne 
610 2 7 |a Kosit (Košice, Slovensko)  |2 KEVKJB  |9 30556 
650 0 7 |a likvidácia odpadu  |2 KEVKJB  |9 29405 
650 0 7 |a zvýšenie cien  |2 KEVKJB  |9 880984 
651 7 |a Košice (Slovensko)  |2 KEVKJB  |9 18694 
773 0 8 |t Hospodárske noviny  |g Roč. 11, č.203, 23.10.2003, s. 13 
773 0 8 |t Podniky a trhy 
852 |a ZVYKNI  |b KIS3GCP 
999 |c 1674841  |d 1676771